000 00568cam a22001932 4500
001 0000000994
005 20170406113037.0
008 131121s xx 000 0 eng d
020 _a9780872431645 :
_c$
040 _aYour Holding Symbol
_cYour Holding Symbol
100 1 _aTugwell O.P Simon.
245 1 0 _aWays of imperfection :
_ban exploration of christian sprituality.
250 _a ed.
260 _aillinois :
_bTemplegate publishers,
_c1985.
300 _a238 p. ;
_c cm.
504 _aindex.
650 0 _atheology.
908 _a131121
999 _c913
_d913